Top 100 classement ATP Tennis 2026 - Statistiques

Statistiques générales
  • Ce quiz a été pris 611 fois
    87 depuis la dernière actualisation
  • Le résultat moyen est 61 sur 100
Statistiques - réponses
Classement Nationalité Réponse % Correct
3 Allemagne Alexander Zverev
100%
2 Espagne Carlos Alcaraz
100%
1 Italie Jannik Sinner
100%
4 Serbie Novak Djokovic
100%
5 Etats-Unis Ben Shelton
96%
8 Russie Daniil Medvedev
96%
10 Kazakhstan Alexander Bublik
94%
20 France Arthur Fils
94%
16 Norvège Casper Ruud
94%
30 Brésil Joao Fonseca
94%
6 Canada Felix Auger-Aliassime
92%
14 Italie Flavio Cobolli
92%
7 Australie Alex de Minaur
90%
19 Monaco Valentin Vacherot
90%
13 Russie Andrey Rublev
88%
9 Etats-Unis Taylor Fritz
88%
26 Argentine Francisco Cerundolo
86%
27 République Tchèque Jakub Mensik
86%
56 Argentine Juan Manuel Cerundolo
86%
25 France Arthur Rinderknech
84%
34 France Corentin Moutet
82%
22 Etats-Unis Frances Tiafoe
82%
32 France Ugo Humbert
82%
15 Russie Karen Khachanov
80%
11 Italie Lorenzo Musetti
80%
29 Espagne Rafael Jodar
78%
36 Chili Alejandro Tabilo
76%
12 République Tchèque Jiri Lehecka
76%
21 Etats-Unis Tommy Paul
76%
23 Espagne Alejandro Davidovich Fokina
75%
44 Danemark Holger Rune
75%
31 Pérou Ignacio Buse
75%
46 Croatie Marin Cilic
73%
79 Grèce Stefanos Tsitsipas
71%
40 Belgique Zizou Bergs
71%
24 Royaume-Uni Cameron Norrie
69%
41 Espagne Jaume Munar
69%
18 Etats-Unis Learner Tien
69%
33 Pays-Bas Tallon Griekspoor
69%
37 Belgique Alexander Blockx
67%
39 Canada Denis Shapovalov
67%
62 Belgique Raphael Collignon
67%
75 Royaume-Uni Jack Draper
65%
17 Italie Luciano Darderi
65%
54 Hongrie Fabian Marozsan
63%
58 Serbie Hamad Medjedovic
63%
28 Argentine Tomas Martin Etcheverry
63%
45 France Adrian Mannarino
61%
87 Bosnie Herzégovine Damir Dzumhur
61%
65 Hongrie Marton Fucsovics
61%
51 Portugal Nuno Borges
61%
95 France Benjamin Bonzi
59%
83 France Giovanni Mpetshi Perricard
59%
90 France Quentin Halys
59%
43 République Tchèque Tomas Machac
59%
71 Paraguay Adolfo Daniel Vallejo
57%
57 Allemagne Daniel Altmaier
57%
49 Canada Gabriel Diallo
57%
99 Pologne Hubert Hurkacz
57%
38 Argentine Mariano Navone
57%
89 Espagne Pablo Carreno Busta
57%
42 Etats-Unis Alex Michelsen
55%
55 Pays-Bas Botic Van de Zandschulp
55%
35 Etats-Unis Brandon Nakashima
55%
72 Croatie Dino Prizmic
55%
80 Allemagne Jan-Lennard Struff
55%
64 Argentine Sebastian Baez
55%
52 France Terence Atmane
55%
88 Kazakhstan Alexander Shevchenko
53%
100 France Luca Van Assche
51%
48 Serbie Miomir Kecmanovic
51%
47 Etats-Unis Sebastian Korda
51%
61 Australie Alexei Popyrin
47%
77 France Arthur Cazaux
45%
70 Italie Lorenzo Sonego
45%
74 France Valentin Royer
45%
76 Etats-Unis Reilly Opelka
43%
53 Allemagne Yannick Hanfmann
41%
59 Argentine Camilo Ugo Carabelli
39%
92 Chine Yibing Wu
39%
63 Etats-Unis Jenson Brooksby
37%
69 Espagne Martin Landaluce
37%
60 Argentine Thiago Agustin Tirante
37%
85 Etats-Unis Zachary Svajda
35%
50 Etats-Unis Ethan Quinn
33%
81 Argentine Marco Trungelliti
33%
66 République Tchèque Vit Kopriva
33%
97 Australie Adam Walton
31%
94 Etats-Unis Emilio Nava
31%
82 Australie James Duckworth
31%
68 Argentine Roman Andres Burruchaga
31%
84 Etats-Unis Marcos Giron
29%
73 Italie Mattia Bellucci
29%
67 Etats-Unis Aleksandar Kovacevic
27%
78 Pologne Kamil Majchrzak
27%
96 Australie Aleksandar Vukic
25%
98 Australie Rinky Hijikata
25%
86 Espagne Daniel Merida
22%
91 Etats-Unis Eliot Spizzirri
16%
93 Etats-Unis Patrick Kypson
10%
Aucun quiz correspondant
Distribution des résultats
% des personnes avec chaque résultat
Percentile par nombre de réponses
Votre historique - résultats
Vous n’avez pas pris ce quiz depuis la dernière actualisation